| 000 | 00589nam a2200229Ia 4500 | ||
|---|---|---|---|
| 003 | GCL | ||
| 008 | 140319s9999 xx 000 0 eng d | ||
| 040 |
_aGCL / _cGCL |
||
| 082 | 0 | 4 |
_aREF _b912 _bC S |
| 100 | 1 | _aCORBELLA, LUCIANO | |
| 245 | 1 | 0 |
_aTHE SPACE ATLAS: HEATHER COUPER AND NIGEL HENBEST / _cCORBELLA, LUCIANO |
| 700 | 1 | _aCOUPER, HEATHER | |
| 700 | 1 | _aNIGEL, HENBEST | |
| 260 |
_a[S.N] : _bDORLING KINDERSLEY ، _c1994 |
||
| 300 | _a64 P | ||
| 650 | 0 | 4 | _aATLASES |
| 650 | 0 | 4 | _aASTRONOMY |
| 650 | 0 | 4 | _aSPACE |
| 650 | 0 | 4 | _aSOLAR SYSTEM |
| 650 | 0 | 4 | _aMOON |
| 942 |
_2ddc _cBK |
||
| 999 |
_c10198 _d10198 |
||